000 00829nam a2200145Ia 4500
008 231221s9999 xx 000 0 und d
041 _aEnglish
082 _aCPEC15-1088
100 _aPryadarshni, S. Saumya Adhikari.
245 0 _aDual Band Resistance Compression Network Using Composite Right/Left Hand Transmission Line
260 _c2015
500 _aDual Band Resistance Compression Network Using Composite Right/Left Hand Transmission Line Pryadarshni S, Saumya Adhikari  Department of Electronics and Communication Engineering, PES Institute of Technology, BSK III Stage, Bangalore-560085, India Applied Electromagnetics Conference (AEMC), 2015 IEEE, pp. 1-2. IEEE, December 2015
650 _aDual,Band,Resistance,Compression,Network,Using,Composite,Right/Left,Hand,Transmission,Line
942 _cIR
999 _c233613
_d233613